00426nam a22001217a 4500100003400000245005000034260003000084300001100114700004100125942001100166999001700177952011000194 aKhan, Mohsin Muhammada13ME20 aPerformance Analysis of Darrieus Wind Turbine aNawabshah:bQUEST,c2016. a58p. ; aDepartment of Mechanical Engineering cTHESIS c57550d57547 00104070aQUESTCLbRESEARCHd2017-03-30l0o13ME20pMEP/28-358r2017-03-30 00:00:00w2017-03-30yTHESIS